000 01224nam a22002897a 4500
005 20100805140041.0
010 _aENG-98250 B-423687
020 _a9788120336568
_c225.00
035 _aEN-81783
035 _aB-423687
037 _bDBAD/PUB
037 _bAllied Publishers
082 _a599.8
100 _aSrivastava,R.P.
_930808
245 _aMorphology of the primates and human evolution /
_cby R.P.Srivastava
260 _aNew Delhi
_bPHI Learning
_c2009
270 _aM-97,Connaught Circurs
_bNew Delhi
_e110001
300 _axiii,193p.
_c24cm (pbk)
500 _aIncludes index
650 _aHuman
_xEvolution
_930809
650 _aPrimates
_xEvolution
_930810
650 _aPrimates
_xMorophology
_930811
942 _2ddc
_cEN
_h599.8
_mSRI
999 _c39450
_d39450